Slowdown sustained into summer (Record no. 72984)

MARC details
000 -LEADER
fixed length control field 01058cam a2200181 4500
001 - CONTROL NUMBER
control field WB3925-07
008 - FIXED-LENGTH DATA ELEMENTS--GENERAL INFORMATION
fixed length control field 030702n2003 000 0 eng u
035 ## - SYSTEM CONTROL NUMBER
System control number (Sirsi) u122886
245 ## - TITLE STATEMENT
Title Slowdown sustained into summer
260 ## - PUBLICATION, DISTRIBUTION, ETC.
Date of publication, distribution, etc. 2003
490 ## - SERIES STATEMENT
Series statement Nationwide Quarterly Review
Volume/sequential designation June 2003 (2)
520 ## - SUMMARY, ETC.
Summary, etc. Figures from Nationwide's latest quarterly and monthly reviews of house prices show that prices across the UK rose by 0.9% in June 2003 compared with an average rise of 1.1% over the previous three months. In London price growth slowed sharply with annual house price inflation falling to 15% in the second quarter. In comparison, northeast England and Yorkshire and Humberside saw 30% plus annual inflation rates. Nationwide's house price forecast for 2003 remains unchanged at 10%. Quarterly and monthly figures available at www.nationwide.co.uk/hpi/quarterly/quarterly.htm.
590 ## - LOCAL NOTE (RLIN)
Local note WB
650 ## - SUBJECT ADDED ENTRY--TOPICAL TERM
Topical term or geographic name entry element HOUSE PRICES
650 ## - SUBJECT ADDED ENTRY--TOPICAL TERM
Topical term or geographic name entry element HOUSE PRICE INDICES
690 ## - LOCAL SUBJECT ADDED ENTRY--TOPICAL TERM (OCLC, RLIN)
Topical term or geographic name as entry element PROPERTY-RESIDENTIAL PROPERTY-RESIDENTIAL PROPERTY MARKET
942 ## - ADDED ENTRY ELEMENTS (KOHA)
Suppress in OPAC 0
Holdings
Withdrawn status Lost status Source of classification or shelving scheme Damaged status Not for loan Home library Current library Shelving location Date acquired Total Checkouts Full call number Barcode Date last seen Copy number Price effective from Koha item type
    Dewey Decimal Classification     London London News article 02/07/2003   WB3925-07 122886-1001 06/08/2019 1 06/08/2019 News article